01037nam a2200301Ia 450000500170000000800410001702000180005802000150007604100080009108200140009910000320011324501010014525000180024630000250026449000170028950400270030660000640033360000620039765000390045965000590049894200120055726400280056933600270059733700330062433800280065704000350068599900150072020220317001736.0170328s2011 c g 000 0 s  a9789584227973 a9584227971 aspa04a199bC11b1 aCacciatore, Giusepped1933-13aEl búho y el cóndorbensayos en torno a la filosofía hispanoamericanacGiuseppe Cacciatore a1a. edición a155 páginasc23 cm aDe Sur a Sur aIncluye bibliografía14aZea, Leopoldod1912-2004xCritica e interpretación91468314aBello, Andresd1781-1885vPensamiento filosófico989921142LEMBaAmorvAspectos filosóficos142LEMBaFilosofía hispanoamericanaxHistoria y critica 2ddccBK aBogotábPlanetac2011 atextobtxt2rdacontent asin mediaciónbn2rdamedia avolumenbnc2rdacarrier aCO-BoRNBPbspaerdacCO-BoRNBP c7933d7933